| 000 | 00505nam a22001937a 4500 | ||
|---|---|---|---|
| 003 | OSt | ||
| 005 | 20220107122728.0 | ||
| 008 | 140104b xxu||||| |||| 00| 0 eng d | ||
| 040 | _cIIITM-K | ||
| 082 | _a001.42 KHA/R | ||
| 100 |
_aKhan, J.A _92785 |
||
| 245 |
_aResearch methodology _cby J.A Khan |
||
| 260 |
_aNew Delhi, _bAPH Publishing, _c2009. |
||
| 300 | _axvi, 319p. | ||
| 650 |
_aRESEARCH METHODOLOGY _92786 |
||
| 650 |
_aPROBABILITY THEORY _92787 |
||
| 650 |
_aSAMPLING _92788 |
||
| 942 |
_2ddc _cBK |
||
| 999 |
_c3495 _d3495 |
||